00626nam a2200169 a 450000500170000000800410001702000180005805000230007610000180009924500910011726000480020830000230025644000320027965000120031199900190032395201140034220140412111314.0001219s19uu xx 00 eng d a0-395-45990-7 aM 808.3bB274 1989 aBarrett, Judi aCloudy with a chance of meatballs /cwritten by Judi Barrett and Drawn by Ron Barrett. aBoston, MA :bHoughton Mifflin Comp,c1989. a1 v. (unp.) ; ill. aHoughton Mifflin Literature aReading c104139d104139 00104050aELbELcMd2000-12-19eDonationl0oM 808.3 B274 1989pE6641r2014-04-12 00:00:00w2014-04-12yBK